00383nam a2200133Ia 4500008004100000041000800041082002000049100003700069245006900106260003200175300000800207502001700215999001700232230128s9999 xx 000 0 und d aeng aJAD PR0445bJAD aJadhav Sonali - 2K911279118922 aStudy to Explore The Linkage of L&D Audit With Balance Scorecard c2011bPune UniversityaPune a56p cJadhav Geeta c97220d97220